The gale of opportunity, or, A sermon preached (at Lidbury-North) at the funerall of the worshipfull Humphrey Walcot, of Walcot, Esq. : June 8. 1650. /

Bibliographic Details
Main Author: Froysell, Thomas, d. ca. 1672
Format: eBook
Language:English
Published: London : Printed by M.S. for Thomas Parkhurst at the three Crowns over against the Great Conduit at the lower end of Cheapside, 1658.
Series:Early English books online.
Subjects:
Online Access:Connect to the full text of this electronic book
Connect to the full text of this electronic book

MARC

Tag First Indicator Second Indicator Subfields
LEADER 00000nam a2200000Ia 4500
001 in00004179607
005 20200810072717.0
006 m g d
007 cr bn |||a|bb|
008 850620s1658 enk o 00| | eng d
035 |a (OCoLC)12181706 
040 |a EAE  |c EAE  |e dcrb  |d WaOLN 
037 |a CL0037000028  |b ProQuest Information and Learning. 300 N. Zeeb Rd., Ann Arbor, MI 48106 
037 |a CL0037000092  |b ProQuest Information and Learning. 300 N. Zeeb Rd., Ann Arbor, MI 48106 
043 |a e-uk-en 
045 0 |b d16500608 
090 |a CT788.W3  |b F7 
049 |a UMIA 
100 1 |a Froysell, Thomas,  |d d. ca. 1672. 
245 1 4 |a The gale of opportunity, or, A sermon preached (at Lidbury-North) at the funerall of the worshipfull Humphrey Walcot, of Walcot, Esq. :  |b June 8. 1650. /  |c And now published, by Thomas Froysell, Minister of the Gospell at Clun in Shropshire. 
246 3 0 |a Sermon preached (at Lidbury-North) 
260 |a London :  |b Printed by M.S. for Thomas Parkhurst at the three Crowns over against the Great Conduit at the lower end of Cheapside,  |c 1658. 
300 |a 1 online resource ([24], 124, [5] pages) 
336 |a text  |b txt  |2 rdacontent 
337 |a computer  |b c  |2 rdamedia 
338 |a online resource  |b cr  |2 rdacarrier 
500 |a Advertisement: pages [1]-[5] at end. 
500 |a Item at 2264:19 is incorrectly identified as Wing F2249A in reel guide. 
500 |a Reproduction of original in Cambridge University Library and the Henry E. Huntington Library and Art Gallery, San Marino, California. 
510 4 |a Wing  |c F2250 
533 |a Electronic reproduction.  |b Ann Arbor, Mich. :  |c UMI,  |d 1999-  |f (Early English books online)  |n Digital version of: (Early English books, 1641-1700 ; 890:14 and 2264:19)  |7 s1999 miun s 
600 1 0 |a Walcot, Humphrey,  |d 1586-1650. 
650 0 |a Funeral sermons. 
650 0 |a Sermons, English  |y 17th century. 
830 0 |a Early English books online. 
856 4 0 |u http://proxy.library.tamu.edu/login?url=https://search.proquest.com/docview/2264191600  |z Connect to the full text of this electronic book  |t 0 
856 4 0 |u http://proxy.library.tamu.edu/login?url=https://search.proquest.com/docview/2264188934  |z Connect to the full text of this electronic book  |t 0 
999 f f |s 31dd875a-4e80-3777-945d-66e40f37d6a8  |i f7f5b48e-5992-3081-89e2-9ff8b9ac0ae6  |t 0 
952 f f |a Texas A&M University  |b College Station  |c Electronic Resources  |d Available Online  |t 0  |e CT788.W3 F7  |h Library of Congress classification 
998 f f |a CT788.W3 F7  |t 0  |l Available Online